| 000 | 00000nas##2200000za#4500 |
| 001 | 9.503355 |
| 003 | CaOODSP |
| 005 | 20200331213204 |
| 007 | cr ||||||||||| |
| 008 | 150406c1999||||xxc|| p o||||f| |0fre|d |
| 022 | |a1493-8839 |
| 040 | |aCaOODSP|bfre |
| 043 | |an-cn--- |
| 086 | 1 |aFs23-341F-PDF |
| 110 | 1 |aCanada. |bMinistère des pêches et des océans. |
| 245 | 10|aChasse au phoque de l'Atlantique, plan de gestion de ... |h[ressource électronique] |
| 260 | |aOttawa - Ontario : |bPêches et Océans Canada |
| 310 | |aAnnuel |
| 362 | 1 |a[1999] - 2003/2005 |
| 691 | 07|aChasse au phoque|2gcpds |
| 691 | 07|aGestion des pêches|2gcpds |
| 775 | 08|tAtlantic seal hunt ... management plan |w(CaOODSP)9.506960 |